Подробности
| 000 -МАРКЕР |
| контрольное поле |
01619nam0a2200313 4500 |
| 001 - ИДЕНТИФИКАТОР ЗАПИСИ |
| контрольное поле |
RU\NLR\b_ik\136170 |
| 005 - ИДЕНТИФИКАТОР ВЕРСИИ |
| контрольное поле |
20260405111323.0 |
| 010 ## - МЕЖДУНАРОДНЫЙ СТАНДАРТНЫЙ НОМЕР КНИГИ (ISBN) |
| Номер (ISBN) |
5-7161-0109-7 |
| Тираж |
200 |
| 035 ## - ДРУГИЕ СИСТЕМНЫЕ НОМЕРА |
| Идентификатор записи |
(NLR Aleph) 002209448 |
| 100 ## - ДАННЫЕ ОБЩЕЙ ОБРАБОТКИ |
| Данные общей обработки |
20051019d2003 |||y0rusy50 ca |
| 101 0# - ЯЗЫК РЕСУРСА |
| Язык текста, звукозаписи и т.д. |
эсперанто |
| 102 ## - СТРАНА ПУБЛИКАЦИИ ИЛИ ПРОИЗВОДСТВА |
| Страна публикации |
российская федерация |
| 105 ## - ПОЛЕ КОДИРОВАННЫХ ДАННЫХ: ТЕКСТОВЫЕ МАТЕРИАЛЫ, МОНОГРАФИЧЕСКИЕ |
| Кодированные данные о монографическом текстовом документе |
ach ||||||||| |
| 200 1# - ЗАГЛАВИЕ И СВЕДЕНИЯ ОБ ОТВЕТСТВЕННОСТИ |
| Основное заглавие |
La lasta taglibro de l'poeto |
| Сведения, относящиеся к заглавию |
la eldono, kompilita laǔ arkivaj materialoj de A.P. Logvin-Liljer, estas dedičita al lia 100-jara datreveno |
| Первые сведения об ответственности |
A. Logvin |
| Последующие сведения об ответственности |
prep. de la teksto kaj antaǔparolo de Nikolao Gudskov |
| 210 ## - ПУБЛИКАЦИЯ, РАСПРОСТРАНЕНИЕ И ДР. |
| Место издания, распространения и т.д. |
Moskvo |
| Имя издателя, распространителя и т. д. |
REU-Impeto |
| Дата издания, распространения и т.д. |
2003 |
| 215 ## - ФИЗИЧЕСКАЯ ХАРАКТЕРИСТИКА |
| Специфическое обозначение материала и объем |
47, [1] с. |
| Другие сведения о физической характеристике |
ил., факс., портр. |
| Размеры |
20 |
| 300 ## - ОБЩИЕ ПРИМЕЧАНИЯ |
| Текст примечания |
На обороте тит.л.: Последний дневник поэта / Александр Порфирьевич Логвин |
| 320 ## - ПРИМЕЧАНИЯ О НАЛИЧИИ В ДОКУМЕНТЕ БИБЛИОГРАФИИ / УКАЗАТЕЛЯ |
| Текст примечания |
Список соч. авт.: с. 40-47 |
| 517 0# - ДРУГИЕ ВАРИАНТЫ ЗАГЛАВИЯ |
| Вариант заглавия |
Последний дневник поэта |
| 541 0# - ПЕРЕВОД ЗАГЛАВИЯ, СДЕЛАННЫЙ КАТАЛОГИЗАТОРОМ |
| Заглавие |
Последний дневник поэта:Александр Порфирьевич Логвин |
| Язык заглавия |
русский |
| 600 01 - ИМЯ ЛИЦА КАК ПРЕДМЕТ |
| Начальный элемент ввода |
Логвин |
| Часть имени, кроме начального элемента ввода |
А.П. |
| Даты |
1903 - 1980 |
| Расширение инициалов личного имени |
Александр Порфирьевич |
| Системный номер авторитетной/нормативной записи |
2477825 |
| Идентификатор авторитетной/нормативной записи |
RU\NLR\AUTH\661471137 |
| 686 1# - ИНДЕКСЫ ДРУГИХ КЛАССИФИКАЦИЙ |
| Индекс |
Ш5(0)975-4Логвин |
| 700 #1 - ИМЯ ЛИЦА - ПЕРВИЧНАЯ ОТВЕТСТВЕННОСТЬ |
| Код отношения |
Автор |
| Материалы, к которым относится поле |
rus |
| Графика поля |
Латинская |
| Начальный элемент ввода |
Logvin |
| Часть имени, кроме начального элемента ввода |
A. P. |
| Даты |
1903-1980 |
| Расширение инициалов личного имени |
Aleksandr Porfir'evič |
| Идентификатор авторитетной/нормативной записи |
RU\NLR\AUTH\7742314 |
| Системный номер авторитетной/нормативной записи |
25259 |
| 702 #1 - ИМЯ ЛИЦА - ВТОРИЧНАЯ ОТВЕТСТВЕННОСТЬ |
| Начальный элемент ввода |
Gudskov |
| Часть имени, кроме начального элемента ввода |
N. L. |
| Даты |
1953- |
| Расширение инициалов личного имени |
Nikolaj L'vovič |
| Код отношения |
Редактор |
| 801 #0 - ИСТОЧНИК ЗАПИСИ |
| Страна |
российская федерация |
| Организация |
NLR |
| Дата составления |
20051019 |
| Правила каталогизации |
PSBO |
| 942 ## - ДОПОЛНИТЕЛЬНЫЕ ЭЛЕМЕНТЫ ЗАПИСИ (АБИС) |
| Тип экземпляра АБИС |
Книга |
| 980 ## - КОЛЛЕКЦИЯ |
| Название коллекции |
Национальная библиография |